| 000 | 01078cam a22003135i 4500 | ||
|---|---|---|---|
| 999 |
_c10803 _d10803 |
||
| 001 | 12200243 | ||
| 003 | EG-ScBUE | ||
| 005 | 20210110104251.0 | ||
| 008 | 001012s2001 enk g 000 1 eng d | ||
| 020 | _a0399147195 (acidfree paper) | ||
| 020 | _a9780330371964 | ||
| 040 |
_aDLC _beng _erda _cDLC _dDLC _dEG-ScBUE |
||
| 043 | _an-us-ca | ||
| 082 | 0 | 4 |
_a813.54 _bGRA _222 |
| 100 | 1 |
_aGrafton, Sue, _eauthor. _934570 |
|
| 245 | 1 | 0 |
_aP is for peril / _cSue Grafton. |
| 264 | 1 |
_aLondon : _bPAN Books, _c2001. |
|
| 300 |
_a383 pages ; _c24 cm |
||
| 336 |
_atext _btxt _2rdacontent |
||
| 337 |
_aunmediated _bn _2rdamedia |
||
| 338 |
_avolume _bnc _2rdacarrier |
||
| 500 | _a"A Marian Wood book." | ||
| 650 | 7 |
_aMillhone, Kinsey (Fictitious character) _vFiction. _2BUEsh |
|
| 650 | 7 |
_aWomen private investigators _zCalifornia _vFiction. _2BUEsh |
|
| 651 | 7 |
_aCalifornia _vFiction. _2BUEsh |
|
| 653 |
_bHHUUEENN _cJanuary2021 |
||
| 942 |
_2ddc _cBB |
||